00563 2200193 4500001002100000005001500021035002000036245003600056100001700092250002000109300005800129856003100187700003500218260003800253082001900291084002500310020002200335600001200357INLIS00000000000308920220112081801 a0010-01220002701 aREVOLUSI MENTAL /cDaru Wijanti0 aDaru Wijanti aCetakan pertama aiv + 250 hal. :bTdk ada ilus ;c14 x 21 cmemonograf aPerpustakaan umum makassar0 aPemeriksa Aksara : Nur Iswarso aYokyakarta :bIndoliterasi,c2016 a362.293.REVO.r a362.293.REVO.r DAR r a978-602-0869-54-4 4aekonomi